| 000 | 01199nas a22003375a 4500 | ||
|---|---|---|---|
| 001 | ACD-2376 | ||
| 008 | 910225c19uu9999dcuar f0uuu 0eng | ||
| 005 | 20200129130613.0 | ||
| 010 |
_a 91656060 _o23150847 |
||
| 040 | _dGPO | ||
| 012 |
_a2 _i9103 |
||
| 042 | _alc | ||
| 050 | 0 | 0 | _aIN PROCESS |
| 074 | _a0785-H | ||
| 086 | 0 | _aLC 1.40/2:F 31/ | |
| 049 | _aDRUG | ||
| 212 | 0 | _aFederal Library and Information Network services directory for fiscal year ... | |
| 245 | 0 | 0 |
_aFEDLINK services directory for fiscal year ... / _cFLICC/FEDLINK. |
| 260 | 0 | 0 |
_aWashington, D.C. : _bFederal Library and Information Network, Federal Library and Information Center Committee, |
| 265 | _aFEDLINK, Room LA 1026C, Library of Congress, Washington D.C. 20540 | ||
| 300 |
_av. ; _c28 cm. |
||
| 310 | _aAnnual | ||
| 500 | _aDescription based on: 1990. | ||
| 610 | 2 | 0 |
_aFEDLINK (Network) _xDirectories. |
| 650 | 0 |
_aLibrary information networks _zUnited States _xDirectories. |
|
| 650 | 0 |
_aLibraries, Governmental, administrative, etc. _xPeriodicals. |
|
| 710 | 2 | 0 | _aFEDLINK (Network) |
| 710 | 2 | 0 |
_aUnited States. _bFederal Library and Information Center Committee. |
| 936 | _a1991 LIC | ||
| 999 |
_c365 _d365 |
||
| 942 | _cMX | ||